000
00213nam a22000857a 4500
008
170130b xxu||||| |||| 00| 0 eng d
100
_9
2650
_a
Verma.N.K
245
_a
Chemistry Activites-XI
260
_a
New Delhi
_b
LP
_c
2010
999
_c
5807
_d
5807